| 000 | 00461cam a2200193 4500 | ||
|---|---|---|---|
| 001 | D4765 | ||
| 008 | 090401t1937 xxu||||| |||| 00| 0 eng d | ||
| 035 | _a(Sirsi) u16827 | ||
| 041 | _aeng | ||
| 050 | _a344.4104 | ||
| 100 | _aWilliams, Harold B | ||
| 245 | 4 | _aThe Public Health Act 1936 | |
| 260 |
_aLondon _bButterworths _c1937 |
||
| 300 | _axlviii, 555p. index | ||
| 350 | _a0 | ||
| 650 | _aPUBLIC HEALTH ACT 1936 | ||
| 942 | _n0 | ||
| 948 | _c04/03/1997 | ||
| 999 |
_c87451 _d87451 |
||